A Global Integration Strategy for the Mediterranean Countries : Open Trade and Market Reforms /

The economy of the Mediterranean region countries - which in the present study include Algeria, Egypt, Jordan, Lebanon, Morocco, Syria, Tunisia, as well as Israel and Turkey - experienced a period of strong and dynamic economic development in the late 1970s and early 1980s. But since the 1980s these...

Full description

Bibliographic Details
Main Author: Havrylyshyn, Oleh
Format: Journal
Language:English
Published: Washington, D.C. : International Monetary Fund, 1997.
Online Access:Full text available on IMF
LEADER 01543cas a2200193 a 4500
001 AALejournalIMF012180
008 230101c9999 xx r poo 0 0eng d
020 |z 9781557756473 
040 |a BD-DhAAL  |c BD-DhAAL 
100 1 |a Havrylyshyn, Oleh. 
245 1 2 |a A Global Integration Strategy for the Mediterranean Countries :   |b Open Trade and Market Reforms /  |c Oleh Havrylyshyn. 
264 1 |a Washington, D.C. :  |b International Monetary Fund,  |c 1997. 
300 |a 1 online resource (39 pages) 
500 |a <strong>Off-Campus Access:</strong> No User ID or Password Required 
500 |a <strong>On-Campus Access:</strong> No User ID or Password Required 
506 |a Electronic access restricted to authorized BRAC University faculty, staff and students 
520 3 |a The economy of the Mediterranean region countries - which in the present study include Algeria, Egypt, Jordan, Lebanon, Morocco, Syria, Tunisia, as well as Israel and Turkey - experienced a period of strong and dynamic economic development in the late 1970s and early 1980s. But since the 1980s these economies have experienced a much less dynamic evolution and tended toward stagnation. This paper by Oleh Havrylyshyn, presents an assessment of the experience of these economies in a framework of a broad trade strategy perspective for Mediterranean countries, and examines prospects for the future. 
538 |a Mode of access: Internet 
856 4 0 |z Full text available on IMF  |u http://elibrary.imf.org/view/books/071/00051-9781557756473-en/00051-9781557756473-en-book.xml  |z IMF e-Library